Cita con la escuela : enseñanza en Aranjuez (1900-1940) /
Guardat en:
| Autor principal: | |
|---|---|
| Format: | Electrònic eBook |
| Idioma: | espanyol |
| Publicat: |
Aranjuez (Madrid) :
Ediciones Doce Calles,
[2007]
|
| Matèries: | |
| Accés en línia: | Digitalia Hispánica |
| Etiquetes: |
Afegir etiqueta
Sense etiquetes, Sigues el primer a etiquetar aquest registre!
|
MARC
| LEADER | 00000nam a2200000Ii 4500 | ||
|---|---|---|---|
| 001 | DIGDOCEC0235 | ||
| 003 | NyNyDIG | ||
| 006 | m o d | ||
| 007 | cr ||||||||||| | ||
| 008 | 250103s2007 sp a ob 000 0 spa d | ||
| 035 | |a (OCoLC)1491107093 | ||
| 040 | |a DGITA |b eng |e rda |e pn |c DGITA | ||
| 020 | |z 9788497440516 | ||
| 043 | |a e-sp--- | ||
| 050 | 1 | 4 | |a LA919.A73 ebook |
| 100 | 1 | |a Pascual Hernánsanz, Alicia, |e author. | |
| 245 | 1 | 0 | |a Cita con la escuela : |b enseñanza en Aranjuez (1900-1940) / |c Alicia Pascual Hernánsanz. |
| 264 | 1 | |a Aranjuez (Madrid) : |b Ediciones Doce Calles, |c [2007] | |
| 300 | |a 1 online resource : |b illustrations. | ||
| 336 | |a text |b txt |2 rdacontent | ||
| 337 | |a computer |b c |2 rdamedia | ||
| 338 | |a online resource |b cr |2 rdacarrier | ||
| 347 | |a text file |2 rdaft | ||
| 347 | |b PDF | ||
| 500 | |a "Ilmo. Ayuntamiento del Real Sitio y Villa de Aranjuez"--Cover. | ||
| 504 | |a Includes bibliographical references. | ||
| 588 | 0 | |a Online resource; title from PDF title page (Digitalia, viewed January 3, 2025) | |
| 650 | 0 | |a Education |z Spain |z Aranjuez |x History |y 20th century. | |
| 791 | 2 | |a Digitalia (Firm), |e distributor. | |
| 793 | 0 | |g Digitalia eBook Collection: |a Ediciones Doce Calles | |
| 776 | 0 | 8 | |i Print version: |a Pascual Hernánsanz, Alicia. |t Cita con la escuela. |d Aranjuez (Madrid) : Ediciones Doce Calles, [2007] |z 9788497440516 |
| 856 | 4 | 0 | |3 Digitalia Hispánica |u https://digitalia.unach.elogim.com/a/170062/ |
| 910 | |a Premium collection: 2025 | ||